000 00259nam a2200109Ia 4500
008 190802s9999 xx 000 0 und d
100 _aKhalid Mahmood Dogar
245 0 _aKon kiya Hai?
260 _aLahore
_bDogar Brothers
_c2017
300 _a407:p
942 _cBK
999 _c2536
_d2536